Tax Abuses, Poverty and Human Rights : (Record no. 774)

MARC details
000 -LEADER
fixed length control field 00658nam a22001697a 4500
005 - DATE AND TIME OF INPUT
control field 20231117141029.0
008 - DATA ELEMENTS--GENERAL INFORMATION
fixed length control field 231117b |||||||| |||| 00| 0 eng d
020 ## - INTERNATIONAL STANDARD BOOK NUMBER
International Standard Book Number 9780948711336
041 ## - LANGUAGE CODE
Language code of text English
082 ## - SHELF NUMBER
DDC number 343.4 TAX
100 ## - MAIN AUTHOR
Language of a work English
245 ## - TITLE STATEMENT
Title Tax Abuses, Poverty and Human Rights :
Sub-title A report of the International Bar Association's Human Rights Institute Task Force on Illicit Financial Flows, Poverty and Human Rights /
Statement of responsibility, etc. L Lipsett et al.
260 ## - PUBLICATION, DISTRIBUTION, ETC.
Place of publication, distribution, etc. London :
Name of publisher, distributor, etc. International Bar Association,
Date of publication, distribution, etc. 2013
300 ## - PHYSICAL DESCRIPTION
Other physical details xviii, 262 pages ;
Dimensions 25,5 cm.
650 ## - SUBJECT`
Broad subject Legal practice
Own subject terms Law
942 ## - ADDED ENTRY ELEMENTS (KOHA)
Item type Books
942 ## - ADDED ENTRY ELEMENTS (KOHA)
-- ALISON_BN_VRIES
Holdings
Source of classification or shelving scheme Not for loan Collection code Home library Current library Shelving location Date acquired Full call number Barcode Price effective from Koha item type
Dewey Decimal Classification   TEXT BOOKS LAW SOCIETY OF NAMIBIA LIBRARY - WINDHOEK LAW SOCIETY OF NAMIBIA LIBRARY - WINDHOEK Income tax reporter (tax) 11/17/2023 343.4 TAX LSN/2017/39 11/17/2023 Books